'Pay when paid' clauses (Record no. 71751)
[ view plain ]
| 000 -LEADER | |
|---|---|
| fixed length control field | 01167cam a2200229 4500 |
| 001 - CONTROL NUMBER | |
| control field | ABS66196 |
| 008 - FIXED-LENGTH DATA ELEMENTS--GENERAL INFORMATION | |
| fixed length control field | 021211n2002 000 0 eng u |
| 035 ## - SYSTEM CONTROL NUMBER | |
| System control number | (Sirsi) u120740 |
| 100 ## - MAIN ENTRY--PERSONAL NAME | |
| Personal name | Brewer, G. |
| 245 ## - TITLE STATEMENT | |
| Title | 'Pay when paid' clauses |
| 260 ## - PUBLICATION, DISTRIBUTION, ETC. | |
| Date of publication, distribution, etc. | 2002 |
| 490 ## - SERIES STATEMENT | |
| Series statement | Contract Journal |
| Volume/sequential designation | (416)6402 6 November 2002, 22(1) |
| 520 ## - SUMMARY, ETC. | |
| Summary, etc. | Discusses the operation of pay when paid under the DOM/1 subcontract. Examines "Aqua Design and Play International Ltd and another v Kier Regional Ltd" which highlights that a pay when paid mechanism is not included in the published form of DOM/1. Despite that, the Housing Grants, Construction and Regeneration Act 1996 will allow such provisions in the event of the insolvency of the employer. The parties are then free to amend the subcontract to include a compliant pay when paid provision. |
| 590 ## - LOCAL NOTE (RLIN) | |
| Local note | ABS |
| 650 ## - SUBJECT ADDED ENTRY--TOPICAL TERM | |
| Topical term or geographic name entry element | PAY WHEN PAID |
| 650 ## - SUBJECT ADDED ENTRY--TOPICAL TERM | |
| Topical term or geographic name entry element | AQUA DESIGN AND PLAY INTERNATIONAL LTD AND ANOTHER V KIER REGIONAL LTD |
| 650 ## - SUBJECT ADDED ENTRY--TOPICAL TERM | |
| Topical term or geographic name entry element | DOM/1 CL32 |
| 650 ## - SUBJECT ADDED ENTRY--TOPICAL TERM | |
| Topical term or geographic name entry element | HOUSING GRANTS, CONSTRUCTION AND REGENERATION ACT 1996 |
| 650 ## - SUBJECT ADDED ENTRY--TOPICAL TERM | |
| Topical term or geographic name entry element | SUBCONTRACTS |
| 690 ## - LOCAL SUBJECT ADDED ENTRY--TOPICAL TERM (OCLC, RLIN) | |
| Topical term or geographic name as entry element | BUILT ENVIRONMENT-BUILDING CONTRACT FORMS |
| 942 ## - ADDED ENTRY ELEMENTS (KOHA) | |
| Suppress in OPAC | 0 |
| Withdrawn status | Lost status | Source of classification or shelving scheme | Damaged status | Not for loan | Home library | Current library | Shelving location | Date acquired | Total Checkouts | Full call number | Barcode | Date last seen | Copy number | Price effective from | Koha item type |
|---|---|---|---|---|---|---|---|---|---|---|---|---|---|---|---|
| Dewey Decimal Classification | London | London | Journal article | 11/12/2002 | ABS66196 | 120740-1001 | 06/08/2019 | 1 | 06/08/2019 | Journal article |